Desarrollo de un programa de computadores para el cálculo de columnas de destilación de multicomponentes

Na minha lista:
Detalhes bibliográficos
Autor principal: Rodríguez Salazar, Róger
Formato: Desconhecido
Publicado em: [San José, Costa Rica] 1973
Assuntos:
Tags: Adicionar Tag
Sem tags, seja o primeiro a adicionar uma tag!

MARC

LEADER 00000 a2200000 4500
003 011438
005 20221231143820.0
008 140114s1973 cr a m 000 ||s d
040 |c cru CEDI 
090 |a TFG 518 
100 |a Rodríguez Salazar, Róger  |9 16621 
245 |a Desarrollo de un programa de computadores para el cálculo de columnas de destilación de multicomponentes 
260 |c 1973  |a [San José, Costa Rica] 
300 |a  132 hojas, diagramas, gráficos : ilustraciones  
500 |a  Tesis (Ingeniero Químico) Universidad de Costa Rica.  
650 |x DESTILACION   |x PROCESAMIENTO ELECTRONICO DE DATOS   |9 16622 
942 |c TFG 
999 |c 12401  |d 12401